| 000 | 00532nam a2200193 i 4500 | ||
|---|---|---|---|
| 001 | 7179 | ||
| 003 | ES-MaACL | ||
| 005 | 20230906145158.0 | ||
| 007 | t| | ||
| 008 | 901005s1986 xxu ||||1| eng d | ||
| 020 | _a0-13-771858-6 | ||
| 080 | _a621-52 | ||
| 100 | 1 |
_aYang, Chao-Chih. _937995 |
|
| 245 | 1 | 0 |
_aRelational databases / _cChao-Chih Yang. |
| 260 |
_aNew Jersey : _bPrentice-Hall, _ccop. 1986. |
||
| 504 | _aBibliogr.: p. 251-258. | ||
| 650 | 1 | 4 |
_aBases de datos. _910503 |
| 852 |
_aES-MaACL _jL-14450 _bR.118268 _z. - cart. |
||
| 999 |
_c7179 _d7179 |
||